Análisis de viabilidad para brindar servicios de videoconferencia con la plataforma existente de RACSA
Kaydedildi:
| Yazar: | |
|---|---|
| Diğer Yazarlar: | |
| Materyal Türü: | Kitap |
| Baskı/Yayın Bilgisi: |
[San José, Costa Rica]
2006
|
| Konular: | |
| Etiketler: |
Etiketle
Etiket eklenmemiş, İlk siz ekleyin!
|
MARC
| LEADER | 00000nam a2200000Ia 4500 | ||
|---|---|---|---|
| 003 | 009855 | ||
| 005 | 20221231144111.0 | ||
| 008 | 140114s2006 cr a 000 ||s d | ||
| 040 | |c cru CEDI | ||
| 090 | |a TFG 5381 | ||
| 100 | |a Bonilla Pérez, David Alberto |9 5003 | ||
| 245 | |a Análisis de viabilidad para brindar servicios de videoconferencia con la plataforma existente de RACSA | ||
| 260 | |c 2006 |b [San José, Costa Rica] | ||
| 300 | |a xix, 192 páginas; ilustraciones | ||
| 500 | |a Proyecto de graduación (bachiller en ingeniería eléctrica)--Universidad de Costa Rica. Facultad de Ingeniería. Escuela de Ingeniería Electrica | ||
| 650 | |x VIDEOCONFERENCIA |x COMUNICACION VISUAL |x COMUNICACIONES DIGITALES |x SISTEMAS DE TRANSMISION DE DATOS |9 5004 | ||
| 700 | |9 5005 |a Castro Barrantes, Luis Alfredo | ||
| 942 | |c TFG | ||
| 999 | |c 16894 |d 16894 | ||
